000 01160nam a2200301 i 4500
001 000030401
003 DO-SdBNP
005 20250925101038.0
007 ta
008 110517s1983 dr 000 0 spa d
040 _aDO-SdBNP
_bspa
_cBNPHU
_erda
041 _aspa
082 4 _aR 016.33097293
_bB582e
_222
245 0 0 _aBibliografía económica dominicana 1978-1982.
264 1 _aSanto Domingo :
_bBanco Central de la República Dominicana,
_c1983.
300 _av, 125 páginas ;
_c22 cm.
336 _atexto
_btxt
_2rdacontent
337 _asin mediación
_bn
_2rdamedia
338 _avolumen
_bnc
_2rdacarrier
500 _aIncluye índice por materia
500 _aPublicado con motivo del 36 aniversario de la creación del Banco Central de la Republica Dominicana "Octubre 1983."
590 _aInventariado, 2024 /LP
651 0 _aRepública Dominicana
_xCondiciones económicas
_vBibliografías
_y1978-1982
_978065
651 0 _aRepública Dominicana
_xPolítica económica
_y1978-1982
_vBibliografías
_978065
710 2 _aBanco Central de la República Dominicana
_983405
910 _aValidado. Control de Calidad/MAA
942 _2ddc
_cLBS1
999 _c29893
_d29893